[Event "Sant Miquel Olerdola op 14th"]
[Site "Sant Miquel Olerdola"]
[Date "2023.04.28"]
[Round "3"]
[White "Lopez Buil, Jesus"]
[Black "Torrents Busquet, Marti"]
[Result "0-1"]
[WhiteElo "1663"]
[BlackElo "1934"]
[PlyCount "60"]
[EventDate "2023.04.14"]
[EventType "swiss"]
[EventRounds "8"]
[EventCountry "ESP"]
[SourceTitle "EXT 2024"]
[Source "ChessBase"]
[SourceDate "2023.10.10"]
[SourceVersion "1"]
[SourceVersionDate "2023.10.10"]
[SourceQuality "1"]

1. e4 d6 2. d4 Nf6 3. Bd3 e5 4. dxe5 dxe5 5. Bg5 Bc5 6. h3 Nc6 7. Nf3 0-0 8. 0-0 h6 9. Bh4 Re8 10. Nc3 Be6 11. a3 Kh7 12. Bb5 Bd6 13. Bxc6 bxc6 14. Qd2 Qd7 15. Rfe1 Rad8 16. Qe3 a5 17. Rad1 Bc4 18. b3 Ba6 19. Nb1 g5 20. Bg3 Nh5 21. Kh2 Nf4 22. Bxf4 gxf4 23. Qc3 Bc8 24. Ng1 Rg8 25. Rd3 Rg7 26. g3 Rdg8 27. Ne2 Qe6 28. g4 h5 29. f3 hxg4 30. fxg4 Qh6 0-1